[Event "Baku Chess Olympiad | Open"]
[Site "chess24.com"]
[Date "2016.09.13"]
[Round "11"]
[White "Hemam, Moulaye Brahim"]
[Black "Oberholzer, Rex"]
[Result "1/2-1/2"]
[Board "3"]
[WhiteID "19600054"]
[WhiteElo "2032"]
[WhiteTitle "CM"]
[WhiteCountry "MTN"]
[WhiteFideId "19600054"]
[BlackID "15200035"]
[BlackElo "2047"]
[BlackCountry "NAM"]
[BlackFideId "15200035"]

1. c4 {[%clk 1:30:55]} e5 {[%clk 1:30:39]} 2. g3 {[%clk 1:31:15]} Nf6 {[%clk
1:31:00]} 3. Bg2 {[%clk 1:31:40]} d5 {[%clk 1:31:14]} 4. cxd5 {[%clk 1:32:01]}
Nxd5 {[%clk 1:31:36]} 5. Nc3 {[%clk 1:32:27]} Nb6 {[%clk 1:31:52]} 6. Nf3 {[%clk
1:32:49]} Nc6 {[%clk 1:32:12]} 7. O-O {[%clk 1:33:09]} Be7 {[%clk 1:32:37]} 8. d3
{[%clk 1:33:30]} O-O {[%clk 1:32:55]} 9. h3 {[%clk 1:33:43]} Be6 {[%clk 1:32:33]}
10. a3 {[%clk 1:33:26]} f6 {[%clk 1:32:46]} 11. b4 {[%clk 1:31:14]} a5 {[%clk
1:31:49]} 12. b5 {[%clk 1:30:31]} Nd4 {[%clk 1:31:58]} 13. Nd2 {[%clk 1:27:51]}
Qc8 {[%clk 1:31:45]} 14. e3 {[%clk 1:23:30]} Nf5 {[%clk 1:31:40]} 15. Qf3 {[%clk
1:21:57]} Nd6 {[%clk 1:29:46]} 16. Kh2 {[%clk 1:16:37]} f5 {[%clk 1:16:38]} 17.
Rd1 {[%clk 1:11:51]} a4 {[%clk 1:10:36]} 18. Bb2 {[%clk 1:02:44]} Ra5 {[%clk
1:05:36]} 19. Rdc1 {[%clk 0:59:14]} Nxb5 {[%clk 0:54:51]} 20. Qxb7 {[%clk
0:58:14]} Qxb7 {[%clk 0:49:23]} 21. Bxb7 {[%clk 0:58:34]} Bd6 {[%clk 0:48:36]}
22. Bc6 {[%clk 0:47:01]} Na7 {[%clk 0:46:37]} 23. Bf3 {[%clk 0:43:19]} Nac8
{[%clk 0:44:07]} 24. Be2 {[%clk 0:38:16]} Ne7 {[%clk 0:42:21]} 25. Nc4 {[%clk
0:33:41]} Nxc4 {[%clk 0:40:25]} 26. dxc4 {[%clk 0:34:00]} f4 {[%clk 0:39:29]} 27.
exf4 {[%clk 0:06:00]} exf4 {[%clk 0:38:51]} 28. Ne4 {[%clk 0:04:15]} fxg3+ {[%clk
0:38:52]} 29. fxg3 {[%clk 0:03:12]} Be5 {[%clk 0:37:49]} 30. Bxe5 {[%clk
0:01:56]} Rxe5 {[%clk 0:38:03]} 31. Bd3 {[%clk 0:02:16]} Rf3 {[%clk 0:37:06]} 32.
Rd1 {[%clk 0:00:37]} Rxd3 {[%clk 0:36:25]} 33. Rxd3 {[%clk 0:00:41]} Rxe4 {[%clk
0:36:51]} 34. Rd8+ {[%clk 0:00:47]} Kf7 {[%clk 0:37:04]} 35. Rf1+ {[%clk
0:01:07]} Kg6 {[%clk 0:37:16]} 36. g4 {[%clk 0:00:43]} Bxc4 {[%clk 0:37:13]} 37.
Rc1 {[%clk 0:01:02]} Nd5 {[%clk 0:36:59]} 38. Rxc4 {[%clk 0:01:05]} Rxc4 {[%clk
0:37:07]} 39. Rxd5 {[%clk 0:01:30]} c6 {[%clk 0:36:58]} 40. Ra5 {[%clk 0:31:49]}
Kf6 {[%clk 1:07:05]} 41. Kg2 {[%clk 0:30:30]} h6 {[%clk 1:07:14]} 42. Kh2 {[%clk
0:30:45]} g5 {[%clk 1:07:15]} 43. Ra8 {[%clk 0:30:12]} Ke5 {[%clk 1:07:03]} 44.
Rh8 {[%clk 0:30:29]} Rc2+ {[%clk 1:07:16]} 45. Kg3 {[%clk 0:24:50]} Rc3+ {[%clk
1:07:02]} 46. Kg2 {[%clk 0:25:15]} Rxa3 {[%clk 1:06:54]} 47. Rxh6 {[%clk
0:25:37]} Ra2+ {[%clk 1:06:27]} 48. Kg3 {[%clk 0:26:01]} c5 {[%clk 1:05:30]} 49.
Rg6 {[%clk 0:26:04]} a3 {[%clk 1:05:33]} 50. Rxg5+ {[%clk 0:26:15]} Kd4 {[%clk
1:05:48]} 51. Rf5 {[%clk 0:25:12]} Ra1 {[%clk 1:05:52]} 52. Rf4+ {[%clk 0:23:36]}
Ke5 {[%clk 1:04:52]} 53. Rf2 {[%clk 0:19:33]} Rb1 {[%clk 1:01:28]} 54. Re2+
{[%clk 0:11:27]} Kd4 {[%clk 1:01:29]} 55. g5 {[%clk 0:10:50]} Kd3 {[%clk
1:01:44]} 56. Ra2 {[%clk 0:10:50]} Rb3 {[%clk 1:01:20]} 57. Kg4 {[%clk 0:09:24]}
Kc3 {[%clk 1:01:09]} 58. Kf5 {[%clk 0:09:05]} c4 {[%clk 1:01:28]} 59. Kf4 {[%clk
0:07:49]} Kd3 {[%clk 0:57:58]} 60. g6 {[%clk 0:07:51]} c3 {[%clk 0:57:56]} 61. g7
{[%clk 0:05:54]} c2 {[%clk 0:58:14]} 62. Rxc2 {[%clk 0:01:42]} Kxc2 {[%clk
0:58:15]} 63. g8Q {[%clk 0:02:05]} a2 {[%clk 0:57:42]} 64. Qg2+ {[%clk 0:01:52]}
Kb1 {[%clk 0:58:06]} 65. Qf1+ {[%clk 0:01:33]} Kb2 {[%clk 0:58:19]} 66. Qe2+
{[%clk 0:01:45]} Ka3 {[%clk 0:58:22]} 67. Qe5 {[%clk 0:00:39]} Rb2 {[%clk
0:57:28]} 68. Qc3+ {[%clk 0:00:41]} Rb3 {[%clk 0:57:49]} 69. Qc1+ {[%clk
0:00:47]} Ka4 {[%clk 0:57:40]} 70. Qa1 {[%clk 0:00:39]} Ka3 {[%clk 0:57:25]} 71.
h4 {[%clk 0:00:35]} Rb1 {[%clk 0:57:17]} 72. Qc3+ {[%clk 0:00:41]} Rb3 {[%clk
0:57:41]} 73. Qc1+ {[%clk 0:00:37]} Rb2 {[%clk 0:57:52]} 74. h5 {[%clk 0:00:34]}
Kb3 {[%clk 0:58:13]} 75. Qd1+ {[%clk 0:00:50]} Kc3 {[%clk 0:58:28]} 76. Qf3+
{[%clk 0:00:34]} Kb4 {[%clk 0:57:44]} 77. Qb7+ {[%clk 0:00:33]} Kc3 {[%clk
0:58:00]} 78. Qa6 {[%clk 0:00:41]} Kb3 {[%clk 0:57:44]} 79. Qb5+ {[%clk 0:00:40]}
Kc3 {[%clk 0:57:49]} 80. Qa5+ {[%clk 0:00:51]} Kb3 {[%clk 0:58:17]} 81. h6 {[%clk
0:00:40]} Rb1 {[%clk 0:58:44]} 82. h7 {[%clk 0:00:34]} a1Q {[%clk 0:57:29]} 83.
Qxa1 {[%clk 0:00:58]} Rxa1 {[%clk 0:57:52]} 84. h8Q {[%clk 0:01:07]} Ra4+ {[%clk
0:57:52]} 85. Ke3 {[%clk 0:01:14]} Rg4 {[%clk 0:55:56]} 86. Qh3 {[%clk 0:00:58]}
Rc4 {[%clk 0:55:47]} 87. Qe6 {[%clk 0:01:04]} Kc3 {[%clk 0:52:41]} 88. Qe5+
{[%clk 0:01:02]} Kb4 {[%clk 0:52:46]} 89. Kd3 {[%clk 0:01:17]} Rc6 {[%clk
0:51:29]} 90. Qe7+ {[%clk 0:01:14]} Kb5 {[%clk 0:51:42]} 91. Kd4 {[%clk 0:01:04]}
Rh6 {[%clk 0:45:26]} 92. Qc5+ {[%clk 0:00:38]} Ka6 {[%clk 0:45:37]} 93. Qg5
{[%clk 0:00:53]} Rc6 {[%clk 0:44:09]} 94. Qd5 {[%clk 0:00:59]} Kb7 {[%clk
0:44:24]} 95. Qb5+ {[%clk 0:01:01]} Kc7 {[%clk 0:44:41]} 96. Kd5 {[%clk 0:01:20]}
Rd6+ {[%clk 0:44:45]} 97. Kc5 {[%clk 0:01:21]} Rh6 {[%clk 0:42:35]} 98. Qa5+
{[%clk 0:01:10]} Kb7 {[%clk 0:42:50]} 99. Qb4+ {[%clk 0:01:09]} Ka7 {[%clk
0:42:57]} 100. Qa3+ {[%clk 0:01:14]} Ra6 {[%clk 0:42:43]} 101. Qb2 {[%clk
0:01:00]} Rg6 {[%clk 0:42:01]} 102. Qa1+ {[%clk 0:00:54]} Ra6 {[%clk 0:41:50]}
103. Qg7+ {[%clk 0:01:15]} Kb8 {[%clk 0:40:58]} 104. Qf8+ {[%clk 0:01:36]} Kb7
{[%clk 0:40:58]} 105. Qe7+ {[%clk 0:01:20]} Kb8 {[%clk 0:41:00]} 106. Qd8+ {[%clk
0:01:35]} Kb7 {[%clk 0:41:22]} 107. Qd7+ {[%clk 0:00:56]} Kb8 {[%clk 0:41:20]}
108. Kb5 {[%clk 0:00:53]} Ra7 {[%clk 0:41:22]} 109. Qd8+ {[%clk 0:01:16]} Kb7
{[%clk 0:41:47]} 110. Qd7+ {[%clk 0:00:44]} Kb8 {[%clk 0:42:07]} 111. Qc6 {[%clk
0:00:34]} Rb7+ {[%clk 0:42:23]} 112. Ka6 {[%clk 0:00:56]} Ra7+ {[%clk 0:42:19]}
113. Kb5 {[%clk 0:01:10]} Rb7+ {[%clk 0:42:36]} 114. Ka5 {[%clk 0:01:37]} Ra7+
{[%clk 0:43:02]} 1/2-1/2

[Event "Baku Chess Olympiad | Open"]
[Site "chess24.com"]
[Date "2016.09.13"]
[Round "11"]
[White "Knowles, Kendrick"]
[Black "Salim issa ali shamas"]
[Result "1-0"]
[Board "2"]
[WhiteID "10400451"]
[WhiteElo "1825"]
[WhiteTitle "CM"]
[WhiteCountry "BAH"]
[WhiteFideId "10400451"]
[WhiteEloChange "13"]
[BlackID "22000062"]
[BlackElo "1932"]
[BlackTitle "CM"]
[BlackCountry "OMA"]
[BlackFideId "22000062"]
[BlackEloChange "-13"]

1. d4 {[%clk 1:30:55]} Nf6 {[%clk 1:30:42]} 2. c4 {[%clk 1:31:19]} e6 {[%clk
1:30:54]} 3. g3 {[%clk 1:31:24]} d5 {[%clk 1:31:04]} 4. Bg2 {[%clk 1:30:59]} c6
{[%clk 1:31:12]} 5. Nf3 {[%clk 1:31:15]} Nbd7 {[%clk 1:31:12]} 6. Nc3 {[%clk
1:31:11]} Bb4 {[%clk 1:31:05]} 7. O-O {[%clk 1:31:30]} O-O {[%clk 1:31:13]} 8. a3
{[%clk 1:31:42]} Bxc3 {[%clk 1:31:12]} 9. bxc3 {[%clk 1:32:07]} Ne4 {[%clk
1:31:34]} 10. Qc2 {[%clk 1:31:51]} f5 {[%clk 1:31:48]} 11. Bf4 {[%clk 1:31:12]}
Qa5 {[%clk 1:30:57]} 12. Rfc1 {[%clk 1:30:57]} h6 {[%clk 1:30:43]} 13. Ne5 {[%clk
1:30:22]} Qd8 {[%clk 1:30:32]} 14. f3 {[%clk 1:29:41]} Nxe5 {[%clk 1:30:05]} 15.
Bxe5 {[%clk 1:29:44]} Nd6 {[%clk 1:30:16]} 16. Bxd6 {[%clk 1:29:13]} Qxd6 {[%clk
1:29:10]} 17. c5 {[%clk 1:29:28]} Qc7 {[%clk 1:28:46]} 18. f4 {[%clk 1:29:31]} b6
{[%clk 1:28:44]} 19. c4 {[%clk 1:29:19]} Ba6 {[%clk 1:28:22]} 20. cxd5 {[%clk
1:24:48]} cxd5 {[%clk 1:28:33]} 21. e3 {[%clk 1:23:30]} Bc4 {[%clk 1:28:31]} 22.
cxb6 {[%clk 1:23:31]} axb6 {[%clk 1:27:52]} 23. Qb2 {[%clk 1:19:56]} Ra4 {[%clk
1:26:38]} 24. Bf3 {[%clk 1:19:16]} Qd6 {[%clk 1:25:34]} 25. Bd1 {[%clk 1:19:30]}
Ra6 {[%clk 1:25:37]} 26. a4 {[%clk 1:18:45]} Rfa8 {[%clk 1:25:39]} 27. Qc3 {[%clk
1:17:22]} R8a7 {[%clk 1:24:50]} 28. Rab1 {[%clk 1:16:55]} Kf7 {[%clk 1:24:25]}
29. Rb4 {[%clk 1:16:21]} Ke7 {[%clk 1:24:16]} 30. Rcb1 {[%clk 1:15:48]} Rc7
{[%clk 1:24:01]} 31. Qd2 {[%clk 1:15:51]} Rc6 {[%clk 1:23:57]} 32. R1b2 {[%clk
1:13:32]} Kf6 {[%clk 1:23:28]} 33. h4 {[%clk 1:13:24]} Ke7 {[%clk 1:22:48]} 34.
g4 {[%clk 1:13:11]} g5 {[%clk 1:21:32]} 35. hxg5 {[%clk 1:13:10]} hxg5 {[%clk
1:20:52]} 36. Qh2 {[%clk 1:13:23]} gxf4 {[%clk 1:21:08]} 37. gxf5 {[%clk
1:12:58]} f3 {[%clk 1:19:31]} 38. Qh7+ {[%clk 1:12:35]} Kd8 {[%clk 1:19:54]} 39.
Qg8+ {[%clk 1:11:41]} Kc7 {[%clk 1:20:22]} 40. Rh2 {[%clk 1:41:15]} Kb7 {[%clk
1:50:26]} 41. Rh7+ {[%clk 1:40:44]} Rc7 {[%clk 1:50:25]} 42. Rxc4 {[%clk
1:40:47]} Rxh7 {[%clk 1:49:35]} 43. Qxh7+ {[%clk 1:41:08]} Kb8 {[%clk 1:48:55]}
44. Qg8+ {[%clk 1:41:15]} Ka7 {[%clk 1:49:15]} 45. Qf7+ {[%clk 1:41:29]} Kb8
{[%clk 1:48:39]} 46. Qe8+ {[%clk 1:41:46]} Ka7 {[%clk 1:48:37]} 47. Qf7+ {[%clk
1:41:05]} Kb8 {[%clk 1:37:31]} 48. Qg8+ {[%clk 1:41:30]} Ka7 {[%clk 1:37:20]} 49.
Qg7+ {[%clk 1:41:58]} Kb8 {[%clk 1:36:59]} 50. Bxf3 {[%clk 1:42:16]} b5 {[%clk
1:35:02]} 51. Rc5 {[%clk 1:41:53]} Rb6 {[%clk 1:35:30]} 52. a5 {[%clk 1:41:57]}
Rb7 {[%clk 1:35:55]} 53. Qg8+ {[%clk 1:41:17]} Ka7 {[%clk 1:36:23]} 54. fxe6
{[%clk 1:41:03]} Rb8 {[%clk 1:36:24]} 55. Qg6 {[%clk 1:38:30]} Ka6 {[%clk
1:35:01]} 56. Rxd5 {[%clk 1:36:11]} Qb4 {[%clk 1:34:52]} 57. e7+ {[%clk 1:35:37]}
Kxa5 {[%clk 1:35:20]} 58. e8Q {[%clk 1:28:34]} Qe1+ {[%clk 1:35:28]} 59. Kg2
{[%clk 1:28:40]} Qd2+ {[%clk 1:35:26]} 60. Kh3 {[%clk 1:28:56]} Rxe8 {[%clk
1:34:57]} 61. Qxe8 {[%clk 1:29:18]} Qd3 {[%clk 1:35:16]} 62. Qe7 {[%clk 1:27:46]}
Qf1+ {[%clk 1:34:55]} 63. Bg2 {[%clk 1:28:04]} Qd3 {[%clk 1:35:02]} 64. Qa7+
{[%clk 1:27:40]} Kb4 {[%clk 1:34:33]} 65. Qc5+ {[%clk 1:28:01]} Ka5 {[%clk
1:34:33]} 66. Re5 {[%clk 1:27:22]} Ka4 {[%clk 1:34:15]} 67. Bc6 {[%clk 1:27:29]}
Qf1+ {[%clk 1:30:21]} 68. Kg4 {[%clk 1:27:10]} Qg1+ {[%clk 1:30:17]} 69. Kf5
{[%clk 1:27:29]} Qf2+ {[%clk 1:30:17]} 70. Ke6 {[%clk 1:27:29]} Qa2+ {[%clk
1:29:44]} 71. Ke7 {[%clk 1:27:40]} Qg8 {[%clk 1:28:32]} 72. Bxb5+ {[%clk
1:27:47]} Kb3 {[%clk 1:28:42]} 73. Bc4+ {[%clk 1:27:50]} Qxc4 {[%clk 1:28:42]}
74. Qxc4+ {[%clk 1:28:14]} Kxc4 {[%clk 1:29:10]} 75. d5 {[%clk 1:28:36]} Kc5
{[%clk 1:29:11]} 76. d6+ {[%clk 1:28:58]} Kc6 {[%clk 1:29:27]} 77. d7 {[%clk
1:29:26]} Kb7 {[%clk 1:29:27]} 78. d8Q {[%clk 1:29:48]} Kc6 {[%clk 1:29:39]} 79.
Qd6+ {[%clk 1:30:06]} Kb7 {[%clk 1:29:47]} 80. Rb5+ {[%clk 1:30:29]} Ka7 {[%clk
1:29:57]} 81. Qb6+ {[%clk 1:30:47]} 1-0

[Event "Baku Chess Olympiad | Open"]
[Site "chess24.com"]
[Date "2016.09.13"]
[Round "11"]
[White "Amer Said Salim Al Maashani"]
[Black "Cox, Valentine"]
[Result "1-0"]
[Board "3"]
[WhiteID "22000100"]
[WhiteElo "2044"]
[WhiteTitle "FM"]
[WhiteCountry "OMA"]
[WhiteFideId "22000100"]
[WhiteEloChange "5"]
[BlackID "10400095"]
[BlackElo "1867"]
[BlackCountry "BAH"]
[BlackFideId "10400095"]
[BlackEloChange "-5"]

1. e4 {[%clk 1:30:58]} c5 {[%clk 1:30:50]} 2. Nf3 {[%clk 1:31:19]} d6 {[%clk
1:31:06]} 3. d4 {[%clk 1:31:44]} cxd4 {[%clk 1:31:27]} 4. Nxd4 {[%clk 1:32:06]}
Nf6 {[%clk 1:31:51]} 5. Nc3 {[%clk 1:32:31]} a6 {[%clk 1:30:15]} 6. Bg5 {[%clk
1:30:19]} e5 {[%clk 1:27:18]} 7. Nb3 {[%clk 1:27:42]} h6 {[%clk 1:27:27]} 8. Bxf6
{[%clk 1:26:16]} Qxf6 {[%clk 1:27:37]} 9. Nd5 {[%clk 1:26:20]} Qd8 {[%clk
1:26:59]} 10. Qd2 {[%clk 1:21:11]} Be6 {[%clk 1:21:10]} 11. Na5 {[%clk 1:14:11]}
b5 {[%clk 1:16:29]} 12. b4 {[%clk 1:02:18]} Bxd5 {[%clk 0:55:31]} 13. Qxd5 {[%clk
1:02:28]} Nd7 {[%clk 0:55:33]} 14. Be2 {[%clk 0:41:08]} Qc8 {[%clk 0:51:00]} 15.
O-O {[%clk 0:37:39]} Nf6 {[%clk 0:51:00]} 16. Qd3 {[%clk 0:37:43]} Be7 {[%clk
0:50:15]} 17. c4 {[%clk 0:37:51]} bxc4 {[%clk 0:44:51]} 18. Nxc4 {[%clk 0:37:59]}
O-O {[%clk 0:45:07]} 19. Nb6 {[%clk 0:37:37]} Qb7 {[%clk 0:43:09]} 20. Nxa8
{[%clk 0:37:39]} Rxa8 {[%clk 0:43:30]} 21. a3 {[%clk 0:37:29]} Nxe4 {[%clk
0:43:09]} 22. Bf3 {[%clk 0:35:36]} f5 {[%clk 0:43:06]} 23. Rfd1 {[%clk 0:33:57]}
Rc8 {[%clk 0:40:51]} 24. Bxe4 {[%clk 0:32:59]} fxe4 {[%clk 0:40:23]} 25. Qd5+
{[%clk 0:33:18]} Qxd5 {[%clk 0:40:32]} 26. Rxd5 {[%clk 0:33:46]} Kf7 {[%clk
0:40:40]} 27. Rdd1 {[%clk 0:32:02]} Rc3 {[%clk 0:39:08]} 28. Rdc1 {[%clk
0:32:06]} Rd3 {[%clk 0:34:58]} 29. Rc6 {[%clk 0:32:14]} e3 {[%clk 0:35:00]} 30.
fxe3 {[%clk 0:32:04]} Rxe3 {[%clk 0:33:38]} 31. Rxa6 {[%clk 0:32:22]} Rb3 {[%clk
0:33:00]} 32. Rc6 {[%clk 0:24:47]} e4 {[%clk 0:30:44]} 33. Rcc1 {[%clk 0:22:28]}
Bf6 {[%clk 0:26:11]} 34. Rcb1 {[%clk 0:22:05]} Rc3 {[%clk 0:26:10]} 35. Ra2
{[%clk 0:19:27]} d5 {[%clk 0:21:25]} 36. b5 {[%clk 0:15:37]} d4 {[%clk 0:21:20]}
37. b6 {[%clk 0:12:56]} e3 {[%clk 0:20:43]} 38. Kf1 {[%clk 0:04:18]} d3 {[%clk
0:20:44]} 39. b7 {[%clk 0:02:15]} Be5 {[%clk 0:20:59]} 40. a4 {[%clk 0:30:32]}
Bxh2 {[%clk 0:45:22]} 41. a5 {[%clk 0:13:59]} d2 {[%clk 0:44:34]} 42. Raa1 {[%clk
0:13:54]} Bb8 {[%clk 0:35:55]} 43. a6 {[%clk 0:14:06]} Ba7 {[%clk 0:27:42]} 44.
Ke2 {[%clk 0:14:03]} Ke7 {[%clk 0:26:19]} 45. Kd1 {[%clk 0:13:11]} Kd7 {[%clk
0:13:46]} 46. b8Q {[%clk 0:12:55]} Bxb8 {[%clk 0:07:45]} 47. Rxb8 {[%clk
0:12:49]} e2+ {[%clk 0:07:39]} 48. Kxd2 {[%clk 0:12:58]} 1-0

[Event "Baku Chess Olympiad | Open"]
[Site "chess24.com"]
[Date "2016.09.13"]
[Round "11"]
[White "Manan, Yoboue Hermann"]
[Black "Fancy, Stuart"]
[Result "1-0"]
[Board "1"]
[WhiteID "20800061"]
[WhiteElo "2115"]
[WhiteCountry "CIV"]
[WhiteFideId "20800061"]
[WhiteEloChange "7"]
[BlackID "9100024"]
[BlackElo "1995"]
[BlackTitle "FM"]
[BlackCountry "PNG"]
[BlackFideId "9100024"]
[BlackEloChange "-7"]

1. e4 {[%clk 1:30:47]} c5 {[%clk 1:30:58]} 2. Nf3 {[%clk 1:31:05]} e6 {[%clk
1:31:15]} 3. d4 {[%clk 1:31:17]} cxd4 {[%clk 1:31:41]} 4. Nxd4 {[%clk 1:31:43]}
Nf6 {[%clk 1:32:01]} 5. Nc3 {[%clk 1:31:42]} Nc6 {[%clk 1:32:27]} 6. Nxc6 {[%clk
1:31:49]} bxc6 {[%clk 1:32:43]} 7. e5 {[%clk 1:31:44]} Nd5 {[%clk 1:32:32]} 8.
Ne4 {[%clk 1:31:57]} Qc7 {[%clk 1:31:45]} 9. f4 {[%clk 1:32:07]} Rb8 {[%clk
1:25:26]} 10. Bd3 {[%clk 1:29:11]} f5 {[%clk 1:16:54]} 11. exf6 {[%clk 1:26:11]}
Nxf6 {[%clk 1:13:22]} 12. Nxf6+ {[%clk 1:24:46]} gxf6 {[%clk 1:13:45]} 13. Qh5+
{[%clk 1:24:18]} Ke7 {[%clk 1:13:45]} 14. O-O {[%clk 1:23:16]} Ba6 {[%clk
1:12:37]} 15. c4 {[%clk 1:16:15]} Bg7 {[%clk 0:46:45]} 16. b3 {[%clk 1:11:23]} f5
{[%clk 0:34:37]} 17. Rb1 {[%clk 1:09:08]} Rbg8 {[%clk 0:31:52]} 18. Qe2 {[%clk
1:06:02]} Kd8 {[%clk 0:31:18]} 19. c5 {[%clk 1:04:55]} Bd4+ {[%clk 0:30:44]} 20.
Be3 {[%clk 1:04:52]} Bxe3+ {[%clk 0:30:52]} 21. Qxe3 {[%clk 1:05:03]} Bxd3 {[%clk
0:31:14]} 22. Qxd3 {[%clk 1:05:06]} Rg4 {[%clk 0:30:35]} 23. Rbd1 {[%clk
1:03:40]} Rhg8 {[%clk 0:28:44]} 24. Rf2 {[%clk 1:00:59]} R8g7 {[%clk 0:27:13]}
25. Qd4 {[%clk 1:00:23]} e5 {[%clk 0:16:24]} 26. Qxe5 {[%clk 0:59:20]} Qxe5
{[%clk 0:16:52]} 27. fxe5 {[%clk 0:59:37]} Re4 {[%clk 0:17:03]} 28. Rxf5 {[%clk
0:58:27]} Re2 {[%clk 0:17:19]} 29. g3 {[%clk 0:57:37]} Ke7 {[%clk 0:16:28]} 30.
a4 {[%clk 0:48:50]} Rc2 {[%clk 0:15:36]} 31. Rf6 {[%clk 0:45:04]} Rxc5 {[%clk
0:12:36]} 32. Rfd6 {[%clk 0:45:20]} Ke8 {[%clk 0:12:21]} 33. e6 {[%clk 0:44:55]}
dxe6 {[%clk 0:12:41]} 34. Rd8+ {[%clk 0:40:25]} Ke7 {[%clk 0:12:13]} 35. R8d7+
{[%clk 0:40:50]} Kf6 {[%clk 0:12:30]} 36. Rxg7 {[%clk 0:41:03]} Kxg7 {[%clk
0:12:56]} 37. Rd7+ {[%clk 0:41:20]} Kf6 {[%clk 0:10:43]} 38. Rxh7 {[%clk
0:41:34]} a5 {[%clk 0:10:42]} 39. Kg2 {[%clk 0:41:36]} Rc2+ {[%clk 0:10:20]} 40.
Kh3 {[%clk 1:11:41]} Rb2 {[%clk 0:39:57]} 41. Ra7 {[%clk 1:11:55]} Rxb3 {[%clk
0:36:28]} 42. Rxa5 {[%clk 1:12:16]} Ra3 {[%clk 0:36:37]} 43. Kh4 {[%clk 1:05:13]}
c5 {[%clk 0:36:20]} 44. g4 {[%clk 1:04:38]} c4 {[%clk 0:34:50]} 45. g5+ {[%clk
1:02:32]} Kg6 {[%clk 0:34:51]} 46. Kg4 {[%clk 0:56:02]} Rd3 {[%clk 0:30:58]} 47.
Re5 {[%clk 0:46:44]} Rd4+ {[%clk 0:30:10]} 48. Kg3 {[%clk 0:47:04]} c3 {[%clk
0:30:12]} 49. h4 {[%clk 0:46:10]} Rc4 {[%clk 0:21:07]} 50. Rxe6+ {[%clk 0:45:33]}
Kf7 {[%clk 0:21:30]} 51. Re1 {[%clk 0:45:03]} Rxa4 {[%clk 0:21:52]} 52. h5 {[%clk
0:43:34]} c2 {[%clk 0:19:58]} 53. g6+ {[%clk 0:43:34]} Kf6 {[%clk 0:16:37]} 54.
Rf1+ {[%clk 0:43:51]} Kg5 {[%clk 0:16:42]} 55. g7 {[%clk 0:34:51]} Rg4+ {[%clk
0:12:19]} 56. Kf2 {[%clk 0:34:55]} Rf4+ {[%clk 0:12:44]} 57. Ke2 {[%clk 0:35:05]}
Rxf1 {[%clk 0:13:05]} 58. g8Q+ {[%clk 0:34:57]} 1-0

[Event "Baku Chess Olympiad | Open"]
[Site "chess24.com"]
[Date "2016.09.13"]
[Round "11"]
[White "Kumar, Manoj"]
[Black "Almedina Ortiz, Edgardo J."]
[Result "0-1"]
[Board "2"]
[WhiteID "11400064"]
[WhiteElo "1986"]
[WhiteTitle "CM"]
[WhiteCountry "FIJ"]
[WhiteFideId "11400064"]
[WhiteEloChange "-4"]
[BlackID "3100197"]
[BlackElo "2215"]
[BlackTitle "FM"]
[BlackCountry "PUR"]
[BlackFideId "3100197"]
[BlackEloChange "4"]

1. d4 {[%clk 1:30:57]} Nf6 {[%clk 1:30:53]} 2. Nf3 {[%clk 1:30:58]} g6 {[%clk
1:31:13]} 3. c4 {[%clk 1:31:00]} Bg7 {[%clk 1:31:37]} 4. Nc3 {[%clk 1:31:23]} O-O
{[%clk 1:32:02]} 5. e4 {[%clk 1:31:44]} d6 {[%clk 1:32:26]} 6. Be2 {[%clk
1:31:37]} e5 {[%clk 1:32:49]} 7. dxe5 {[%clk 1:32:04]} dxe5 {[%clk 1:33:13]} 8.
Qxd8 {[%clk 1:32:29]} Rxd8 {[%clk 1:33:37]} 9. Bg5 {[%clk 1:32:50]} Rf8 {[%clk
1:30:43]} 10. Nd5 {[%clk 1:33:14]} Nxd5 {[%clk 1:31:08]} 11. cxd5 {[%clk
1:33:42]} c6 {[%clk 1:31:09]} 12. Bc4 {[%clk 1:34:11]} b5 {[%clk 1:31:31]} 13.
Bb3 {[%clk 1:34:39]} a5 {[%clk 1:31:51]} 14. a3 {[%clk 1:33:53]} Bb7 {[%clk
1:30:07]} 15. O-O-O {[%clk 0:57:08]} Nd7 {[%clk 1:21:12]} 16. Be3 {[%clk
0:53:48]} Rfc8 {[%clk 0:48:35]} 17. d6 {[%clk 0:46:09]} c5 {[%clk 0:44:24]} 18.
Bd5 {[%clk 0:42:37]} Bxd5 {[%clk 0:43:15]} 19. Rxd5 {[%clk 0:42:38]} Rc6 {[%clk
0:42:25]} 20. Rhd1 {[%clk 0:38:55]} Raa6 {[%clk 0:40:51]} 21. Kb1 {[%clk
0:36:03]} b4 {[%clk 0:31:16]} 22. Bxc5 {[%clk 0:23:03]} Nxc5 {[%clk 0:29:44]} 23.
axb4 {[%clk 0:18:47]} axb4 {[%clk 0:29:28]} 24. d7 {[%clk 0:14:52]} Nb3 {[%clk
0:28:02]} 25. d8Q+ {[%clk 0:12:44]} Bf8 {[%clk 0:28:18]} 0-1

[Event "Baku Chess Olympiad | Open"]
[Site "chess24.com"]
[Date "2016.09.13"]
[Round "11"]
[White "Luxama, Jacques Muller"]
[Black "Mongiello, Anthony"]
[Result "1-0"]
[Board "2"]
[WhiteID "11900113"]
[WhiteElo "2024"]
[WhiteTitle "CM"]
[WhiteCountry "HAI"]
[WhiteFideId "11900113"]
[WhiteEloChange "2"]
[BlackID "6800173"]
[BlackElo "1576"]
[BlackCountry "ISV"]
[BlackFideId "6800173"]
[BlackEloChange "-2"]

1. e4 {[%clk 1:30:54]} d5 {[%clk 1:30:43]} 2. exd5 {[%clk 1:30:54]} Qxd5 {[%clk
1:30:52]} 3. Nc3 {[%clk 1:30:47]} Qa5 {[%clk 1:30:56]} 4. Nf3 {[%clk 1:30:36]}
Nf6 {[%clk 1:30:28]} 5. Bc4 {[%clk 1:29:52]} Bg4 {[%clk 1:30:05]} 6. d3 {[%clk
1:28:21]} e6 {[%clk 1:28:30]} 7. h3 {[%clk 1:27:14]} Qh5 {[%clk 1:26:04]} 8. Rg1
{[%clk 1:21:14]} Bxf3 {[%clk 1:23:52]} 9. Qxf3 {[%clk 1:21:31]} Qxf3 {[%clk
1:24:11]} 10. gxf3 {[%clk 1:21:51]} Nbd7 {[%clk 1:23:58]} 11. Bf4 {[%clk
1:19:33]} e5 {[%clk 1:19:36]} 12. Be3 {[%clk 1:19:03]} c6 {[%clk 1:19:18]} 13.
O-O-O {[%clk 1:19:07]} b5 {[%clk 1:14:04]} 14. Bb3 {[%clk 1:17:52]} a5 {[%clk
1:12:05]} 15. a4 {[%clk 1:17:03]} b4 {[%clk 1:10:09]} 16. Ne4 {[%clk 1:17:17]} h6
{[%clk 1:07:55]} 17. f4 {[%clk 1:16:46]} Nxe4 {[%clk 0:55:19]} 18. dxe4 {[%clk
1:16:57]} exf4 {[%clk 0:53:21]} 19. Bxf4 {[%clk 1:16:55]} g5 {[%clk 0:48:41]} 20.
Be3 {[%clk 1:16:36]} Bg7 {[%clk 0:47:11]} 21. Bxf7+ {[%clk 1:16:11]} Ke7 {[%clk
0:45:34]} 22. Bb3 {[%clk 1:16:07]} Bf6 {[%clk 0:33:06]} 23. Rd2 {[%clk 1:14:15]}
Rhd8 {[%clk 0:29:22]} 24. Rgd1 {[%clk 1:13:37]} Rac8 {[%clk 0:25:53]} 25. Rd6
{[%clk 1:12:26]} c5 {[%clk 0:18:59]} 26. Be6 {[%clk 1:11:28]} Rc7 {[%clk
0:18:13]} 27. Bxd7 {[%clk 1:11:25]} Rcxd7 {[%clk 0:14:25]} 28. Rxd7+ {[%clk
1:11:32]} Rxd7 {[%clk 0:14:42]} 29. Bxc5+ {[%clk 1:11:51]} Ke6 {[%clk 0:14:35]}
30. Rxd7 {[%clk 1:11:41]} Kxd7 {[%clk 0:13:48]} 31. Bb6 {[%clk 1:12:06]} h5
{[%clk 0:09:42]} 32. Bxa5 {[%clk 1:11:32]} Bd4 {[%clk 0:09:13]} 33. f3 {[%clk
1:11:38]} Bc5 {[%clk 0:07:49]} 34. Kd2 {[%clk 1:11:59]} Ke6 {[%clk 0:07:27]} 35.
Bd8 {[%clk 1:11:17]} Be7 {[%clk 0:04:41]} 36. Bxe7 {[%clk 1:11:27]} Kxe7 {[%clk
0:05:05]} 37. a5 {[%clk 1:11:35]} Kd7 {[%clk 0:04:58]} 38. e5 {[%clk 1:12:03]}
Ke6 {[%clk 0:04:39]} 39. a6 {[%clk 1:12:31]} Kxe5 {[%clk 0:03:52]} 40. a7 {[%clk
1:42:48]} Kf4 {[%clk 0:33:59]} 41. a8Q {[%clk 1:42:55]} Kg3 {[%clk 0:34:11]} 42.
Qd5 {[%clk 1:42:37]} Kxh3 {[%clk 0:32:28]} 43. Qxg5 {[%clk 1:42:49]} h4 {[%clk
0:32:06]} 44. Ke2 {[%clk 1:43:04]} b3 {[%clk 0:32:06]} 45. Kf2 {[%clk 1:43:19]}
1-0